Storia d'italia. L'Italia del Novecento

Guardat en:
Dades bibliogràfiques
Autor principal: Montanelli Cervi
Format: Llibre
Idioma:idioma desconegut
Publicat: Fabbri Editore
Etiquetes: Afegir etiqueta
Sense etiquetes, Sigues el primer a etiquetar aquest registre!

MARC

LEADER 00000nam a2200000Ia 4500
001 R-2085
003 CODICE-MESSINA
005 20260212102526.0
008 260211s9999 xx 000 0 und d
040 |c importazione_messina 
100 |a Montanelli Cervi 
245 0 |a Storia d'italia. L'Italia del Novecento 
260 |b Fabbri Editore 
942 |2 ddc  |c BK 
952 |0 0  |1 0  |2 ddc  |4 0  |6 SCAFFALE_15_000000000000000__STANZA_3__LETTERATURA  |7 0  |9 32926  |a ME  |b ME  |d 2026-02-11  |l 0  |o SCAFFALE 15 - STANZA 3 - LETTERATURA  |p R-2085  |r 2026-02-11 23:53:29  |w 2026-02-11  |x [REVISIONARE]  |y BK 
999 |c 28593  |d 28593